[Event "CYCC U12"]
[Site "Windsor CAN"]
[Date "2010.07.07"]
[Round "3"]
[White "Song, Edward"]
[Black "Thanabalachandran, Kajan"]
[Result "1-0"]
[WhiteElo "1850"]
[BlackElo "1530"]
[PlyCount "105"]
[EventDate "2010.07.06"]
[EventType "swiss"]
[EventRounds "7"]
[EventCountry "CAN"]

1. e4 c5 2. Nf3 Nc6 3. d4 cxd4 4. Nxd4 Nf6 5. Nc3 d6 6. Bg5 Bd7 7. Qd2 h6 8.
Bh4 Rc8 9. Bxf6 gxf6 10. O-O-O Qb6 11. Nb3 h5 12. Nd5 Qd8 13. Kb1 Ne5 14. f4
Bh6 15. Be2 Bg4 16. h3 Bxe2 17. Qxe2 Ng6 18. Rhf1 Bg7 19. Ne3 Qd7 20. Nf5 Bf8
21. Qe3 Qc7 22. c3 Qc4 23. Rf2 Rc7 24. Rd4 Qa6 25. Rb4 b6 26. Nbd4 Rc5 27. Nb3
Rb5 28. Rd4 Qc8 29. Qd3 a6 30. Rc4 Qe6 31. Nfd4 Qd7 32. Nxb5 Qxb5 33. Rc8+ Kd7
34. Qxb5+ axb5 35. Ra8 e6 36. Nd4 e5 37. fxe5 dxe5 38. Nf5 Nf4 39. Rd2+ Kc7 40.
Ra7+ Kc6 41. Rxf7 Bh6 42. Rxf6+ Kc5 43. Rdd6 b4 44. Rc6+ Kb5 45. Rxb6+ Ka5 46.
cxb4+ Ka4 47. Rxh6 Rd8 48. Rhd6 Rc8 49. Ra6+ Kxb4 50. a3+ Kb5 51. Rdb6+ Kc5 52.
b4+ Kc4 53. Nd6+ 1-0

[Event "CYCC U12"]
[Site "Windsor CAN"]
[Date "2010.07.07"]
[Round "3"]
[White "Ye, Hanyuan"]
[Black "Leu, Steven"]
[Result "0-1"]
[WhiteElo "1670"]
[BlackElo "1459"]
[PlyCount "90"]
[EventDate "2010.07.06"]
[EventType "swiss"]
[EventRounds "7"]
[EventCountry "CAN"]

1. e4 c5 2. Nf3 e6 3. d4 cxd4 4. Nxd4 a6 5. c4 Qc7 6. b3 Nf6 7. Nc3 Nc6 8. Bb2
d6 9. Be2 Be7 10. O-O O-O 11. Kh1 Bd7 12. Bf3 Rfd8 13. Nde2 Ne5 14. Nf4 Nxf3
15. Qxf3 Bc6 16. Rad1 Rd7 17. Rfe1 Rad8 18. Qg3 Kh8 19. h3 Rg8 20. Kg1 Qa5 21.
a4 Qb6 22. Na2 Nxe4 23. Qe3 Qxe3 24. Rxe3 Bg5 25. Rf3 Nc5 26. Nd5 exd5 27. cxd5
Bxa4 28. bxa4 Nxa4 29. Ba3 Rc8 30. Rg3 Bf6 31. Re3 h6 32. Rd2 Nb6 33. Rb3 Na4
34. Rb4 Nc5 35. Rc4 b6 36. Nb4 Ra8 37. Nc6 Rb7 38. Rdc2 Rc8 39. Nb4 a5 40. Nc6
Kh7 41. g3 Re8 42. Rf4 Re1+ 43. Kg2 Ra1 44. Rxf6 gxf6 45. Bb2 Ra2 0-1

[Event "CYCC U12"]
[Site "Windsor CAN"]
[Date "2010.07.07"]
[Round "3"]
[White "Yu, Patrick"]
[Black "Song, Terry"]
[Result "1/2-1/2"]
[WhiteElo "1572"]
[BlackElo "1916"]
[PlyCount "66"]
[EventDate "2010.07.06"]
[EventType "swiss"]
[EventRounds "7"]
[EventCountry "CAN"]

1. e4 e6 2. d4 d5 3. e5 c5 4. c3 Nc6 5. Nf3 Qb6 6. Be2 Bd7 7. O-O Be7 8. a3 f6
9. b4 cxd4 10. cxd4 Rc8 11. Be3 Qc7 12. b5 Na5 13. Nbd2 Qc2 14. Rc1 Qxd1 15.
Rfxd1 Rxc1 16. Rxc1 Bxa3 17. Ra1 Bb4 18. Ra4 Bxd2 19. Bxd2 Nc4 20. Bxc4 dxc4
21. Rxa7 Bxb5 22. Rxb7 Bc6 23. Rxg7 Bxf3 24. gxf3 fxe5 25. dxe5 Ne7 26. Rg4 Rg8
27. Kf1 Ng6 28. Rxc4 Nxe5 29. Rc8+ Kf7 30. Rxg8 Kxg8 31. Ke2 Kf7 32. Ke3 Nc4+
33. Kd3 Nd6 1/2-1/2

[Event "CYCC U12"]
[Site "Windsor CAN"]
[Date "2010.07.07"]
[Round "3"]
[White "Zhong, Xiao Xiang"]
[Black "Tismenko, Dennis"]
[Result "1-0"]
[WhiteElo "1686"]
[BlackElo "1301"]
[PlyCount "94"]
[EventDate "2010.07.06"]
[EventType "swiss"]
[EventRounds "7"]
[EventCountry "CAN"]

1. e4 e5 2. Nf3 Nc6 3. Bc4 Bc5 4. b4 Bxb4 5. c3 Ba5 6. d4 exd4 7. O-O Nge7 8.
Qb3 O-O 9. Ba3 d6 10. cxd4 Bb6 11. Qd3 d5 12. exd5 Na5 13. Re1 Re8 14. Nc3 Bf5
15. Bxe7 Bxd3 16. Bxd8 Raxd8 17. Bxd3 Kf8 18. Kf1 c6 19. dxc6 bxc6 20. Rxe8+
Kxe8 21. Re1+ Kf8 22. Re4 c5 23. d5 f5 24. Rf4 g6 25. Ng5 Kg8 26. Ne6 Rc8 27.
Ba6 Re8 28. Na4 Re7 29. Naxc5 Kf7 30. g4 Bxc5 31. Nxc5 Rc7 32. Nb3 Nxb3 33.
axb3 Kf6 34. gxf5 gxf5 35. Rc4 Rd7 36. Rc5 Rd6 37. Rc6 Ke5 38. Rxd6 Kxd6 39.
Bc4 Ke5 40. b4 Kd6 41. b5 Kc5 42. Ke2 Kd6 43. Kf3 Ke5 44. h4 h5 45. Kg3 f4+ 46.
Kf3 Kf5 47. d6 Kf6 1-0

[Event "CYCC U12"]
[Site "Windsor CAN"]
[Date "2010.07.07"]
[Round "4"]
[White "Clemente, Denroi Lee"]
[Black "Ye, Hanyuan"]
[Result "0-1"]
[WhiteElo "988"]
[BlackElo "1670"]
[PlyCount "94"]
[EventDate "2010.07.06"]
[EventType "swiss"]
[EventRounds "7"]
[EventCountry "CAN"]

1. e4 e6 2. d4 c5 3. dxc5 Bxc5 4. Nf3 Nf6 5. Nc3 Nc6 6. Bg5 Qb6 7. Qe2 Qxb2 8.
Rb1 Qxc3+ 9. Qd2 Qxd2+ 10. Nxd2 d6 11. Bxf6 gxf6 12. e5 Nxe5 13. Ne4 b6 14.
Nxf6+ Ke7 15. Ne4 Nd7 16. Rd1 Bb7 17. Nxc5 Nxc5 18. Be2 Bxg2 19. Rg1 Rhg8 20.
Bf1 Bxf1 21. Rxg8 Rxg8 22. Kxf1 Ne4 23. c4 Rg4 24. f3 Nc3 25. Rd2 Rxc4 26. a3
d5 27. Rc2 Nb5 28. Rxc4 dxc4 29. a4 Nc3 30. h4 Nxa4 31. f4 Nc5 32. Ke1 b5 33.
Kd2 b4 34. Kc2 a5 35. h5 Kf6 36. h6 Kg6 37. f5+ Kxf5 38. Kb2 c3+ 39. Kc2 Ke4
40. Kb1 b3 41. Kc1 Ke3 42. Kb1 Kd2 43. Ka1 f5 44. Kb1 f4 45. Ka1 f3 46. Kb1 f2
47. Ka1 f1=Q# 0-1

[Event "CYCC U12"]
[Site "Windsor CAN"]
[Date "2010.07.07"]
[Round "4"]
[White "Deforest, David"]
[Black "Bhangoo, Kabir"]
[Result "0-1"]
[WhiteElo "1378"]
[BlackElo "934"]
[PlyCount "92"]
[EventDate "2010.07.06"]
[EventType "swiss"]
[EventRounds "7"]
[EventCountry "CAN"]

1. e4 e6 2. Nf3 Nc6 3. Bc4 Nf6 4. Nc3 Bc5 5. d3 O-O 6. Bg5 h6 7. Bh4 d6 8. h3
e5 9. Bxf6 gxf6 10. Qd2 Nd4 11. O-O-O Nxf3 12. gxf3 Kh7 13. Rdf1 Rg8 14. Ne2
Be6 15. Ng3 Qe7 16. Kb1 Bxc4 17. dxc4 Qe6 18. Nf5 Rg6 19. Rhg1 Rg5 20. h4 Rh5
21. Rg7+ Kh8 22. Rfg1 Qxc4 23. R1g2 Qb5 24. Qe1 Ba3 25. b3 Rf8 26. Qg1 Qe8 27.
Rh2 Rg8 28. Rhg2 Rxg7 29. Rxg7 Qf8 30. Ne7 Qxg7 31. Qd1 Rxh4 32. Nf5 Qg5 33.
Nxh4 Qxh4 34. Qe1 Qf4 35. c3 Qc1+ 36. Qxc1 Bxc1 37. Kxc1 h5 38. Kd1 Kh7 39. Ke1
Kh6 40. Kf1 h4 41. Kg2 Kh5 42. Kh3 Kg5 43. c4 Kf4 44. Kg2 h3+ 45. Kxh3 Kxf3 46.
Kh4 Kxe4 0-1

[Event "CYCC U12"]
[Site "Windsor CAN"]
[Date "2010.07.07"]
[Round "4"]
[White "Jean, Justin"]
[Black "Farias, Durval"]
[Result "1-0"]
[WhiteElo "1577"]
[BlackElo "979"]
[PlyCount "119"]
[EventDate "2010.07.06"]
[EventType "swiss"]
[EventRounds "7"]
[EventCountry "CAN"]

1. e4 e5 2. Nf3 Nf6 3. Nxe5 Nxe4 4. Qe2 Nd6 5. Nc6+ Qe7 6. Nxe7 Bxe7 7. Nc3 b6
8. d3 Bb7 9. Bf4 Nc6 10. Bxd6 cxd6 11. O-O-O O-O-O 12. g3 Rhe8 13. Qd2 h6 14.
Bg2 Bg5 15. Qxg5 hxg5 16. Bxc6 Bxc6 17. Rhg1 d5 18. Rde1 d4 19. Ne4 Bxe4 20.
Rxe4 Rh8 21. Rh1 f5 22. Rxd4 Rh7 23. h4 gxh4 24. Rhxh4 Rhh8 25. Kd2 Rhe8 26.
Rhf4 g6 27. g4 fxg4 28. Rxg4 Rg8 29. Rd6 Kc7 30. Rdxg6 Rxg6 31. Rxg6 a5 32. Rg4
d5 33. Rd4 Kc6 34. c4 a4 35. Rxd5 Ra8 36. Kc3 Ra5 37. Rxa5 bxa5 38. a3 Kc5 39.
b3 axb3 40. Kxb3 a4+ 41. Kxa4 Kd4 42. Kb4 Kxd3 43. c5 Kd4 44. f4 Kd5 45. f5 Ke5
46. c6 Kd6 47. f6 Kxc6 48. f7 Kb6 49. f8=Q Kc6 50. Qf5 Kd6 51. Kc4 Ke7 52. Qg6
Kf8 53. Qh7 Ke8 54. a4 Kd8 55. a5 Kc8 56. Kc5 Kb8 57. a6 Ka8 58. Kb6 Kb8 59.
a7+ Ka8 60. Qb7# 1-0

[Event "CYCC U12"]
[Site "Windsor CAN"]
[Date "2010.07.07"]
[Round "4"]
[White "Jensen, Jacob"]
[Black "McCullough, David"]
[Result "0-1"]
[WhiteElo "1661"]
[BlackElo "1422"]
[PlyCount "58"]
[EventDate "2010.07.06"]
[EventType "swiss"]
[EventRounds "7"]
[EventCountry "CAN"]

1. e4 e6 2. d4 d5 3. e5 c5 4. c3 Nc6 5. Nf3 Qb6 6. Bd3 Bd7 7. Bc2 cxd4 8. cxd4
Nge7 9. O-O Nf5 10. Bxf5 exf5 11. Nc3 Be6 12. a3 Be7 13. b4 O-O 14. Be3 Rac8
15. Rc1 a5 16. bxa5 Qxa5 17. Bd2 Bxa3 18. Ra1 Ra8 19. Nb1 Qb6 20. Nxa3 Nxd4 21.
Nxd4 Qxd4 22. Qe2 f4 23. Nc2 Qb2 24. Bxf4 Rxa1 25. Rxa1 Rc8 26. Rc1 Bf5 27. g4
Rxc2 28. gxf5 Rxc1+ 29. Bxc1 Qxe2 0-1

[Event "CYCC U12"]
[Site "Windsor CAN"]
[Date "2010.07.07"]
[Round "4"]
[White "Lamothe, Zachari"]
[Black "Pernasilici, Lorenzo"]
[Result "0-1"]
[WhiteElo "878"]
[BlackElo "1148"]
[PlyCount "78"]
[EventDate "2010.07.06"]
[EventType "swiss"]
[EventRounds "7"]
[EventCountry "CAN"]

1. Nf3 e6 2. e3 Nc6 3. Ng5 Qxg5 4. f4 Qd8 5. Bb5 Nf6 6. Bxc6 bxc6 7. O-O Bc5 8.
d4 Be7 9. Qe1 Ba6 10. Rf3 O-O 11. Rh3 Rb8 12. Qh4 Ra8 13. Qg5 Ne4 14. Qg4 Nf6
15. Rg3 Nxg4 16. Rxg4 Be2 17. Rg3 Qb8 18. Bd2 Ba6 19. b3 Qb5 20. c4 Qh5 21. Bc3
Qd1+ 22. Kf2 Qc2+ 23. Bd2 Bb4 24. Na3 Qxd2+ 25. Kf3 Bxa3 26. Kg4 Qe2+ 27. Kh3
Bc8 28. Rg1 Qf2 29. Rd1 d6 30. d5 exd5+ 31. Kh4 Qc2 32. Rd4 Qf5 33. Rg5 Qf6 34.
Rd3 Qh6+ 35. Rh5 Qe6 36. f5 Qe4+ 37. g4 Qxd3 38. g5 Qxf5 39. cxd5 Qg4# 0-1

[Event "CYCC U12"]
[Site "Windsor CAN"]
[Date "2010.07.07"]
[Round "4"]
[White "Leu, Steven"]
[Black "Nasir, Zehn"]
[Result "0-1"]
[WhiteElo "1459"]
[BlackElo "1667"]
[PlyCount "140"]
[EventDate "2010.07.06"]
[EventType "swiss"]
[EventRounds "7"]
[EventCountry "CAN"]

1. e4 d5 2. exd5 Qxd5 3. Nc3 Qd6 4. d4 Nf6 5. Nf3 c6 6. Be2 Bf5 7. O-O Nbd7 8.
Be3 e6 9. h3 Be7 10. Qd2 Qc7 11. Bf4 Bd6 12. Bxd6 Qxd6 13. Bd3 Bg6 14. Rfe1
O-O-O 15. Ne4 Qc7 16. Nxf6 gxf6 17. Bxg6 hxg6 18. c3 Rh7 19. Qe3 Rdh8 20. Nd2
g5 21. Qg3 Qxg3 22. fxg3 c5 23. Nf3 b6 24. dxc5 Nxc5 25. b3 g4 26. Nh4 gxh3 27.
gxh3 f5 28. Rf1 Ne4 29. Rf3 Nxg3 30. Rxg3 Rxh4 31. Kh2 e5 32. Rag1 Kc7 33. Rg7
Rxh3+ 34. Kg2 Rh2+ 35. Kf1 Rxa2 36. Rxf7+ Kd6 37. Rf6+ Ke7 38. Rxf5 Ra1+ 39.
Kf2 Rh2+ 40. Kg3 Rxg1+ 41. Kxh2 Re1 42. Rh5 Re3 43. b4 Rxc3 44. Rxe5+ Kd6 45.
Rg5 Rb3 46. b5 Rd3 47. Kg2 Rd5 48. Rg7 Rxb5 49. Rxa7 Kc5 50. Kf2 Kb4 51. Ke2
Rc5 52. Kd2 b5 53. Rb7 Kb3 54. Rd7 b4 55. Rd3+ Ka2 56. Kd1 b3 57. Rd2+ b2 58.
Ke1 Ka1 59. Rd1+ Rc1 60. Rxc1+ bxc1=Q+ 61. Ke2 Qc3 62. Kf2 Qd3 63. Kg2 Qe3 64.
Kh2 Qg5 65. Kh3 Kb2 66. Kh2 Kc3 67. Kh3 Kd3 68. Kh2 Ke3 69. Kh3 Kf3 70. Kh2
Qg2# 0-1

[Event "CYCC U12"]
[Site "Windsor CAN"]
[Date "2010.07.07"]
[Round "4"]
[White "Mathews, Jeremy"]
[Black "McInnis, Preston"]
[Result "1-0"]
[WhiteElo "1250"]
[BlackElo "795"]
[PlyCount "47"]
[EventDate "2010.07.06"]
[EventType "swiss"]
[EventRounds "7"]
[EventCountry "CAN"]

1. e4 e5 2. Nf3 Nc6 3. Bb5 Nf6 4. O-O d5 5. Nxe5 Nxe4 6. Re1 Bd6 7. Nxc6 bxc6
8. Bxc6+ Bd7 9. Bxa8 Qxa8 10. d3 Bb4 11. c3 Bc5 12. dxe4 O-O 13. exd5 Re8 14.
Rxe8+ Qxe8 15. b4 Bb6 16. Na3 c6 17. Be3 Bxe3 18. fxe3 Qxe3+ 19. Kh1 Qe4 20.
Qe1 Qxe1+ 21. Rxe1 cxd5 22. Re7 Bb5 23. Nxb5 a6 24. Re8# 1-0

[Event "CYCC U12"]
[Site "Windsor CAN"]
[Date "2010.07.07"]
[Round "4"]
[White "Maynard-Drewery, Justin"]
[Black "Papadopoulos, Andrew"]
[Result "0-1"]
[WhiteElo "809"]
[BlackElo "1005"]
[PlyCount "50"]
[EventDate "2010.07.06"]
[EventType "swiss"]
[EventRounds "7"]
[EventCountry "CAN"]

1. e3 e6 2. b3 Nf6 3. Bb2 Nc6 4. Bb5 a6 5. Bc4 d5 6. Bd3 b6 7. Be2 Bb7 8. Nf3
g6 9. Nh4 Bg7 10. Rf1 O-O 11. d3 d4 12. Ba3 Re8 13. c3 e5 14. cxd4 exd4 15.
exd4 Qxd4 16. g3 Qxa1 17. f4 Qd4 18. Rf2 Bf8 19. Kf1 Bc5 20. Bxc5 bxc5 21. Nf3
Qd7 22. Ng5 Nb4 23. Ne4 Qc6 24. Nxf6+ Kf8 25. Nxe8 Qh1# 0-1

[Event "CYCC U12"]
[Site "Windsor CAN"]
[Date "2010.07.07"]
[Round "4"]
[White "Rice, Steven"]
[Black "Doknjas, John"]
[Result "0-1"]
[WhiteElo "1116"]
[BlackElo "1896"]
[PlyCount "84"]
[EventDate "2010.07.06"]
[EventType "swiss"]
[EventRounds "7"]
[EventCountry "CAN"]

1. e4 c5 2. Nc3 d6 3. Bb5+ Bd7 4. Bxd7+ Qxd7 5. d4 cxd4 6. Qxd4 Nc6 7. Qe3 Nf6
8. Nf3 e6 9. O-O Be7 10. a3 O-O 11. h3 Ne8 12. b4 Bf6 13. g4 Rc8 14. Bd2 Ne5
15. Nxe5 Bxe5 16. Rfd1 Qc6 17. Rdc1 Bxc3 18. Bxc3 Qxc3 19. Qxc3 Rxc3 20. Kg2
Nf6 21. f3 Rfc8 22. Ra2 Nd7 23. Kf2 Ne5 24. Kg2 Nd3 25. Rd1 Rxc2+ 26. Rxc2
Rxc2+ 27. Kg3 Rc3 28. a4 Kf8 29. b5 Ke7 30. a5 Ne5 31. Rg1 Rxf3+ 32. Kg2 Rb3
33. b6 axb6 34. axb6 Rxb6 35. Ra1 Ra6 36. Rb1 Ra7 37. Kg3 d5 38. Kf4 f6 39.
exd5 exd5 40. g5 Ra3 41. Rxb7+ Ke6 42. Rxg7 Rf3# 0-1

[Event "CYCC U12"]
[Site "Windsor CAN"]
[Date "2010.07.07"]
[Round "4"]
[White "Song, Michael"]
[Black "Graif, William"]
[Result "1/2-1/2"]
[WhiteElo "1866"]
[BlackElo "1676"]
[PlyCount "68"]
[EventDate "2010.07.06"]
[EventType "swiss"]
[EventRounds "7"]
[EventCountry "CAN"]

1. e4 c5 2. Nc3 Nc6 3. f4 g6 4. Nf3 Bg7 5. Bb5 Nd4 6. O-O Nxb5 7. Nxb5 d6 8. d3
a6 9. Nc3 e6 10. Be3 Ne7 11. Qe1 O-O 12. Bf2 f5 13. e5 b5 14. b3 b4 15. Na4 Nd5
16. g3 Nb6 17. Nxb6 Qxb6 18. Qe2 Re8 19. Rad1 Bb7 20. d4 Qc6 21. Be3 a5 22. Rf2
dxe5 23. dxe5 Rad8 24. h4 Qe4 25. Rdf1 Bf8 26. Rh2 Rd7 27. Ng5 Qc6 28. Rd1
Rxd1+ 29. Qxd1 h5 30. Kf2 Be7 31. Qf3 Qb6 32. Qe2 Ba6 33. Qe1 Rd8 34. Nf3 Qc6
1/2-1/2

[Event "CYCC U12"]
[Site "Windsor CAN"]
[Date "2010.07.07"]
[Round "4"]
[White "Song, Terry"]
[Black "Zhong, Xiao Xiang"]
[Result "1-0"]
[WhiteElo "1916"]
[BlackElo "1686"]
[PlyCount "101"]
[EventDate "2010.07.06"]
[EventType "swiss"]
[EventRounds "7"]
[EventCountry "CAN"]

1. e4 e5 2. Nf3 f5 3. Nxe5 Nc6 4. Qh5+ g6 5. Nxg6 Nf6 6. Qh3 hxg6 7. Qxh8 Qe7
8. d3 Nd4 9. Na3 fxe4 10. Be3 Qb4+ 11. Kd1 Kf7 12. Nc4 Bc5 13. dxe4 d6 14. f3
Nxf3 15. gxf3 Bg4 16. Qxa8 Bxf3+ 17. Be2 Bxe2+ 18. Kxe2 Qxc4+ 19. Kd2 Nxe4+ 20.
Ke1 Bxe3 21. Rf1+ Bf2+ 22. Rxf2+ Nxf2 23. Qxb7 Qf4 24. Qxc7+ Ke6 25. Qc8+ Ke7
26. Qb7+ Ke8 27. Qb8+ Kd7 28. Qxa7+ Kd8 29. Qxf2 Qe4+ 30. Kd2 Qd5+ 31. Ke2 Qe4+
32. Kd1 Qh1+ 33. Qe1 Qf3+ 34. Kc1 Qf4+ 35. Kb1 Qxh2 36. a4 Kd7 37. a5 Qg2 38.
a6 Qa8 39. a7 d5 40. Qh1 Ke7 41. c4 g5 42. Qxd5 Qf8 43. Qc5+ Kf7 44. Qxf8+ Kxf8
45. a8=Q+ Kf7 46. Qd5+ Kg6 47. Ra6+ Kh5 48. Qg2 g4 49. Ra5+ Kh6 50. Qxg4 Kh7
51. Rh5# 1-0

[Event "CYCC U12"]
[Site "Windsor CAN"]
[Date "2010.07.07"]
[Round "4"]
[White "Thanabalachandran, Kajan"]
[Black "Baki, Shaumik"]
[Result "1-0"]
[WhiteElo "1530"]
[BlackElo "1336"]
[PlyCount "63"]
[EventDate "2010.07.06"]
[EventType "swiss"]
[EventRounds "7"]
[EventCountry "CAN"]

1. e4 c5 2. Nf3 d6 3. d4 cxd4 4. Nxd4 Nf6 5. Nc3 g6 6. Be3 Bg7 7. f3 O-O 8. Qd2
Nc6 9. O-O-O d5 10. exd5 Nxd5 11. Nxc6 Bxc3 12. Qxc3 Nxc3 13. Rxd8 Rxd8 14.
Nxd8 Nxa2+ 15. Kb1 Nb4 16. Bc4 e6 17. Rd1 f6 18. Nxe6 Bxe6 19. Bxe6+ Kh8 20. c3
Re8 21. cxb4 Rxe6 22. Bxa7 Re2 23. Rg1 f5 24. Bd4+ Kg8 25. Bc3 Kf7 26. Ka2 g5
27. Kb3 h5 28. Kc4 g4 29. fxg4 fxg4 30. Kd3 Rf2 31. Ke3 Rf6 32. Bxf6 1-0

[Event "CYCC U12"]
[Site "Windsor CAN"]
[Date "2010.07.07"]
[Round "4"]
[White "Tismenko, Dennis"]
[Black "O'Neil, Michael"]
[Result "1/2-1/2"]
[WhiteElo "1301"]
[BlackElo "1080"]
[PlyCount "37"]
[EventDate "2010.07.06"]
[EventType "swiss"]
[EventRounds "7"]
[EventCountry "CAN"]

1. e4 c5 2. Nf3 Nc6 3. d4 cxd4 4. Nxd4 e5 5. Nf3 Nf6 6. Nc3 Bb4 7. Bc4 O-O 8.
O-O d6 9. Bg5 h6 10. Bh4 Bg4 11. Nd5 g5 12. Bg3 Nxe4 13. Nxb4 Nxb4 14. Qe1 Nxg3
15. fxg3 Nxc2 16. Qe4 Nxa1 17. Qg6+ Kh8 18. Qxh6+ Kg8 19. Qg6+ 1/2-1/2

[Event "CYCC U12"]
[Site "Windsor CAN"]
[Date "2010.07.07"]
[Round "4"]
[White "Yang, Benjamin"]
[Black "Chana, Dilpreet"]
[Result "1-0"]
[WhiteElo "1744"]
[BlackElo "1088"]
[PlyCount "59"]
[EventDate "2010.07.06"]
[EventType "swiss"]
[EventRounds "7"]
[EventCountry "CAN"]

1. d4 d5 2. Nf3 Nf6 3. e3 e6 4. Bd3 c5 5. b3 b6 6. Bb2 Nc6 7. a3 Bd6 8. O-O O-O
9. Ne5 Bb7 10. Nd2 Qe7 11. f4 Rfe8 12. Rf3 Rad8 13. Rh3 h6 14. g4 Ne4 15. Ndf3
Qf6 16. Qe2 Re7 17. c4 dxc4 18. Bxe4 Na5 19. Bxb7 Nxb7 20. dxc5 Nxc5 21. Nc6
Qg6 22. Nxe7+ Bxe7 23. bxc4 Nb3 24. Rd1 Qxg4+ 25. Rg3 Qf5 26. Rxd8+ Bxd8 27.
Rxg7+ Kf8 28. Qd1 Ke8 29. Rg8+ Ke7 30. Qxd8# 1-0

[Event "CYCC U12"]
[Site "Windsor CAN"]
[Date "2010.07.07"]
[Round "4"]
[White "Yu, Patrick"]
[Black "Song, Edward"]
[Result "0-1"]
[WhiteElo "1572"]
[BlackElo "1850"]
[PlyCount "106"]
[EventDate "2010.07.06"]
[EventType "swiss"]
[EventRounds "7"]
[EventCountry "CAN"]

1. e4 c5 2. Nf3 d6 3. d4 cxd4 4. Nxd4 Nf6 5. Nc3 a6 6. Be3 e5 7. Nb3 Be7 8. f3
Nc6 9. Qd2 b5 10. g4 Bb7 11. O-O-O Rc8 12. h4 Qc7 13. h5 b4 14. Nd5 Nxd5 15.
exd5 Na5 16. Kb1 Nxb3 17. cxb3 O-O 18. g5 f5 19. gxf6 Bxf6 20. Bh3 Rb8 21. Qf2
Bc8 22. Rc1 Qe7 23. Bxc8 Rbxc8 24. Qd2 Qb7 25. Rc4 Rxc4 26. bxc4 Rc8 27. b3 Qd7
28. Qd3 a5 29. Qc2 Ra8 30. h6 g6 31. Rg1 Qe8 32. Qf5 Qe7 33. f4 exf4 34. Qxf4
a4 35. Bd4 Bxd4 36. Qxd4 axb3 37. axb3 Ra3 38. Qd3 Qf6 39. Kc1 Qa1+ 40. Qb1
Qc3+ 41. Kd1 Ra1 42. Ke2 Rxb1 43. Rxb1 Qc2+ 44. Ke3 Qxb1 45. Kd4 Qxb3 46. c5
Qc3+ 47. Ke4 Qe5+ 48. Kd3 Qxd5+ 49. Kc2 dxc5 50. Kc1 Qa2 51. Kd1 b3 52. Ke1 b2
53. Kf1 b1=R# 0-1

[Event "CYCC U12"]
[Site "Windsor CAN"]
[Date "2010.07.08"]
[Round "5"]
[White "Baki, Shaumik"]
[Black "Yang, Benjamin"]
[Result "0-1"]
[WhiteElo "1336"]
[BlackElo "1744"]
[PlyCount "30"]
[EventDate "2010.07.06"]
[EventType "swiss"]
[EventRounds "7"]
[EventCountry "CAN"]

1. e4 d6 2. d4 c6 3. h3 g6 4. Nf3 Bg7 5. Bc4 Nf6 6. Nc3 b5 7. Bd3 O-O 8. O-O
Nbd7 9. Be3 a6 10. Qd2 Qc7 11. Ne2 e5 12. dxe5 dxe5 13. Nxe5 Nxe5 14. Bh6 Rd8
15. Ng3 c5 0-1

[Event "CYCC U12"]
[Site "Windsor CAN"]
[Date "2010.07.08"]
[Round "5"]
[White "Chana, Dilpreet"]
[Black "Deforest, David"]
[Result "0-1"]
[WhiteElo "1088"]
[BlackElo "1378"]
[PlyCount "72"]
[EventDate "2010.07.06"]
[EventType "swiss"]
[EventRounds "7"]
[EventCountry "CAN"]

1. e4 c6 2. Nc3 d5 3. d3 e5 4. f4 exf4 5. Bxf4 Bb4 6. Nge2 d4 7. Qd2 dxc3 8.
Nxc3 Nf6 9. O-O-O Be6 10. a3 Ba5 11. d4 Nxe4 12. Qe3 Nxc3 13. bxc3 Nd7 14. Bd3
Bxc3 15. Be2 Ba5 16. Rhf1 Qe7 17. h3 b5 18. Rd3 Rc8 19. Rfd1 Bf5 20. Rb3 Qxe3+
21. Rxe3+ Be6 22. Bg4 O-O 23. Bxe6 fxe6 24. Rxe6 Rxf4 25. Re7 Rc7 26. Rd3 Rf2
27. Rg3 g6 28. Rge3 Bd2+ 29. Kd1 Bxe3 30. Rxe3 Rxg2 31. Re8+ Nf8 32. h4 Rf7 33.
Kc1 Rff2 34. Re7 Rxc2+ 35. Kd1 Ra2 36. Rxa7 Ra1# 0-1

[Event "CYCC U12"]
[Site "Windsor CAN"]
[Date "2010.07.08"]
[Round "5"]
[White "Doknjas, John"]
[Black "Jean, Justin"]
[Result "1-0"]
[WhiteElo "1896"]
[BlackElo "1577"]
[PlyCount "101"]
[EventDate "2010.07.06"]
[EventType "swiss"]
[EventRounds "7"]
[EventCountry "CAN"]

1. d4 d5 2. e3 Nf6 3. Nf3 Nc6 4. c3 Bf5 5. Bd3 Bxd3 6. Qxd3 g6 7. Nbd2 Bg7 8.
O-O O-O 9. Re1 Re8 10. e4 dxe4 11. Nxe4 Nxe4 12. Rxe4 e6 13. Rh4 Bf6 14. Rh3 e5
15. Qd2 exd4 16. Qh6 dxc3 17. Qxh7+ Kf8 18. Bh6+ Ke7 19. Re1+ Kd6 20. Rd1+ Kc5
21. b4+ Nxb4 22. Rxd8 Raxd8 23. g3 Rd7 24. a3 Rh8 25. axb4+ Kxb4 26. Qxh8 Bxh8
27. Bf8+ Kb3 28. Rxh8 Rd8 29. Bg7 Rxh8 30. Bxh8 c2 31. Nd4+ Kc3 32. Ne2+ Kd2
33. Kf1 b5 34. h4 a5 35. g4 b4 36. h5 gxh5 37. gxh5 a4 38. Bb2 a3 39. Bc1+ Kd3
40. h6 b3 41. Bxa3 c5 42. h7 c4 43. h8=Q c3 44. Qxc3+ Ke4 45. Qxb3 c1=Q+ 46.
Bxc1 f5 47. Qe6+ Kd3 48. Qd5+ Kc2 49. Qc4+ Kb1 50. Qb3+ Ka1 51. Qb2# 1-0

[Event "CYCC U12"]
[Site "Windsor CAN"]
[Date "2010.07.08"]
[Round "5"]
[White "Farias, Durval"]
[Black "Rice, Steven"]
[Result "0-1"]
[WhiteElo "979"]
[BlackElo "1116"]
[PlyCount "136"]
[EventDate "2010.07.06"]
[EventType "swiss"]
[EventRounds "7"]
[EventCountry "CAN"]

1. f4 d6 2. d4 f6 3. e3 Nc6 4. c4 d5 5. Bd2 dxc4 6. Bxc4 e6 7. f5 exf5 8. d5
Ne5 9. Bb5+ c6 10. dxc6 bxc6 11. Ba4 Bd7 12. Nc3 Nd3+ 13. Kf1 Nxb2 14. Qc2 Nxa4
15. Nxa4 Nh6 16. Qb3 Rb8 17. Qc4 g5 18. Nc5 Bxc5 19. Qxc5 Qc7 20. Bb4 Qe5 21.
Rc1 Qxc5 22. Bxc5 a6 23. Nf3 Nf7 24. Kf2 Ne5 25. Bd6 Rb2+ 26. Kg1 Nxf3+ 27.
gxf3 Rxa2 28. Re1 Ra4 29. e4 fxe4 30. fxe4 Ra5 31. e5 fxe5 32. Bxe5 O-O 33. Bd6
Rff5 34. Kg2 c5 35. Rhg1 Bc6+ 36. Kg3 Rf3+ 37. Kg4 h6 38. Re6 Kg7 39. Bc7 Ra4+
40. Re4 Rxe4+ 41. Kxf3 Re1+ 42. Kf2 Rxg1 43. Kxg1 c4 44. Ba5 Kf6 45. Bc3+ Kf5
46. Kf2 Ke4 47. Ke2 h5 48. Bf6 g4 49. Kd2 Kf3 50. Bh4 Kg2 51. Bg3 h4 52. Bxh4
Kxh2 53. Kc3 Bb5 54. Kb4 Kh3 55. Be1 g3 56. Bxg3 Kxg3 57. Kc3 a5 58. Kb2 Kf3
59. Kc3 Ke4 60. Kb2 Kd3 61. Ka3 c3 62. Kb3 c2 63. Ka2 c1=Q 64. Kb3 Qc2+ 65. Ka3
Qc3+ 66. Ka2 Bc4+ 67. Kb1 Qc2+ 68. Ka1 Qc1# 0-1

[Event "CYCC U12"]
[Site "Windsor CAN"]
[Date "2010.07.08"]
[Round "5"]
[White "Kanwischer, Alek"]
[Black "Clemente, Denroi Lee"]
[Result "0-1"]
[WhiteElo "1098"]
[BlackElo "988"]
[PlyCount "146"]
[EventDate "2010.07.06"]
[EventType "swiss"]
[EventRounds "7"]
[EventCountry "CAN"]

1. e4 e5 2. Nf3 Nc6 3. Bb5 Bc5 4. Bxc6 dxc6 5. O-O Nf6 6. Nc3 Bg4 7. h3 Bxf3 8.
Qxf3 Qd4 9. d3 Bb4 10. Bd2 O-O-O 11. a3 Bxc3 12. Bxc3 Qa4 13. b3 Qa6 14. Bxe5
Ne8 15. Qg4+ Rd7 16. Bxg7 Nxg7 17. Qxg7 Rhd8 18. Qg4 Qa5 19. a4 Qc3 20. Rac1
Qb4 21. Qf5 Rh8 22. e5 b6 23. Qf6 Qe7 24. Qxh8+ Qd8 25. Qxh7 a6 26. Qf5 b5 27.
a5 b4 28. e6 fxe6 29. Qxe6 Kb7 30. c3 bxc3 31. Rxc3 Rxd3 32. Qxc6+ Ka7 33. Rxd3
Qxd3 34. Qxc7+ Ka8 35. Qc6+ Kb8 36. Qxa6 Qxa6 37. g4 Qxa5 38. f4 Qb5 39. f5
Qxb3 40. Rf2 Qe3 41. f6 Qxh3 42. f7 Qxg4+ 43. Kf1 Qc4+ 44. Kg1 Qc1+ 45. Kg2
Qc6+ 46. Rf3 Qc2+ 47. Rf2 Qg6+ 48. Kh2 Qh7+ 49. Kg1 Qg7+ 50. Kf1 Qa1+ 51. Kg2
Qg7+ 52. Kh3 Qf8 53. Rb2+ Kc7 54. Rf2 Kd6 55. Kg4 Ke5 56. Rf5+ Ke6 57. Kg5 Ke7
58. Kg6 Ke6 59. Rf6+ Ke7 60. Rf4 Ke6 61. Rf5 Kd6 62. Kf6 Qe7+ 63. Kg7 Ke6 64.
Rf6+ Qxf6+ 65. Kg8 Qxf7+ 66. Kh8 Qh5+ 67. Kg7 Qg5+ 68. Kh8 Qf6+ 69. Kh7 Ke7 70.
Kg8 Qf7+ 71. Kh8 Qf6+ 72. Kh7 Qg5 73. Kh8 Kf7 0-1

[Event "CYCC U12"]
[Site "Windsor CAN"]
[Date "2010.07.08"]
[Round "5"]
[White "Lamothe, Zachari"]
[Black "Maynard-Drewery, Justin"]
[Result "1-0"]
[WhiteElo "878"]
[BlackElo "809"]
[PlyCount "51"]
[EventDate "2010.07.06"]
[EventType "swiss"]
[EventRounds "7"]
[EventCountry "CAN"]

1. Nf3 Nf6 2. d4 Nc6 3. Nc3 Rb8 4. d5 Nb4 5. a3 Na6 6. Bg5 Nh5 7. Nd4 f6 8. e3
fxg5 9. Qe2 g6 10. Qf3 Bg7 11. Bc4 Rf8 12. Ne6 dxe6 13. Qe4 exd5 14. Qxd5 Bd7
15. g4 Nf6 16. Qxg5 Bxg4 17. f3 Bxf3 18. Rf1 Ne4 19. Qb5+ Qd7 20. Rxf3 c6 21.
Qb3 Nac5 22. Rxf8+ Kxf8 23. Qa2 Nxc3 24. bxc3 b5 25. Bg8 Re8 26. Qf7# 1-0